=LDR 00000nam 2200000 4500 =001 000770 =005 20250711104440 =035 ##$$a 0010-0725000638 =007 ta =008 250711################a##########0#ind## =020 ##$$a 978-623-307-691-3 =082 ##$$a 398. 209 598 =084 ##$$a 398. 209 598 HYE s =100 #$$a Hyeli Ju =245 1#$$a Saat soo berpikir /$c Hyeli Ju =250 ##$$a Cetakan pertama =260 ##$$a Jakarta :$b Badan pengembangan dan pembinaan bahasa,$c 2022 =300 ##$$a 26 hlm. : $b Ilus. ; $c 22,9 cm =650 #4$$a Cerita anak indonesia-terjemahan =650 #4$$a Literasi-bahan bacaan